Negotiating ethnicity: second-generation South Asian Americans traverse a transnational world (Record no. 4743)
[ view plain ]
| 000 -LEADER | |
|---|---|
| fixed length control field | 00555nam a2200169Ia 4500 |
| 020 ## - INTERNATIONAL STANDARD BOOK NUMBER | |
| ISBN | 0-8135-3582-4 |
| 082 ## - DEWEY DECIMAL CLASSIFICATION NUMBER | |
| Classification number | 305.8073 PUR-N |
| 100 ## - MAIN ENTRY--AUTHOR NAME | |
| Personal name | Purkayastha, Bandana |
| 245 #0 - TITLE STATEMENT | |
| Title | Negotiating ethnicity: second-generation South Asian Americans traverse a transnational world |
| 260 ## - PUBLICATION, DISTRIBUTION, ETC. (IMPRINT) | |
| Place of publication | New Brunswick |
| Name of publisher | Rutgers University Press |
| Year of publication | 2005 |
| 300 ## - PHYSICAL DESCRIPTION | |
| Number of Pages | xiv, 220 |
| 504 ## - BIBLIOGRAPHY, ETC. NOTE | |
| Bibliography, etc | includes index and references |
| 650 ## - SUBJECT ADDED ENTRY--TOPICAL TERM | |
| Topical Term | South Asian Americans |
| Form subdivision | Cultural assimilation |
| 650 ## - SUBJECT ADDED ENTRY--TOPICAL TERM | |
| Topical Term | South Asian Americans |
| Form subdivision | Ethics identity |
| 650 ## - SUBJECT ADDED ENTRY--TOPICAL TERM | |
| Topical Term | Ethnicity |
| 942 ## - ADDED ENTRY ELEMENTS (KOHA) | |
| Koha item type | Books |
| Withdrawn status | Lost status | Damaged status | Not for loan | Home library | Current library | Date acquired | Source of acquisition | Bill Date | Full call number | Accession Number | Price effective from | Koha item type |
|---|---|---|---|---|---|---|---|---|---|---|---|---|
| NASSDOC Library | NASSDOC Library | 17/03/2006 | SSS | 2006-03-06 | 305.8073 PUR-N | 41481 | 18/04/2019 | Books |
